| 000 | 00521nam a2200145Ia 4500 | ||
|---|---|---|---|
| 008 | 140724s9999 xx 000 0 und d | ||
| 050 |
_aQA 76.73.B3 _b.B597 2008 |
||
| 100 | _aBilledo, Kristina Cassandra C. | ||
| 245 |
_aInteractive "Take-Out" ordering system for Little Quiapo / _cKristina Cassandra C. Billedo. |
||
| 260 |
_aLas PiƱas, Philippines : _bSouthville International School and Colleges, _cc2008. |
||
| 300 |
_a67 p. : _bill. ; _c28 cm. |
||
| 521 | _aInformation Technology | ||
| 942 | _cTH | ||
| 999 |
_c229244 _d229244 |
||